| 000 | 00770nam a2200241 i 4500 | ||
|---|---|---|---|
| 001 | 139830 | ||
| 003 | ES-MaACL | ||
| 005 | 20250912063051.0 | ||
| 007 | t| | ||
| 008 | 070214s1921 sp |||| | spa d | ||
| 080 | _a821.112.2(436)-23"18" | ||
| 100 | 1 |
_aSchnitzler, Arthur. _9104593 |
|
| 245 | 1 | 0 |
_aAnatol _b; y A la catatúa verde / _cArthur Schnitzler ; traducción del alemán por Trudy Graa y Luis Araquistáin. |
| 246 | 3 | 0 | _aA la cacatúa verde |
| 260 |
_aMadrid : _bCalpe, _c1921. |
||
| 300 |
_a186 p. ; _c20 cm. |
||
| 490 | 1 | _aColección Contemporánea (Editorial Espasa-Calpe) | |
| 700 | 1 |
_aGraa, Trudy. _959436 |
|
| 700 | 1 |
_aAraquistáin, Luis, _d1886-1959 _922345 |
|
| 852 |
_aES-MaACL _jA-1992 |
||
| 942 | _2udc | ||
| 999 |
_c139830 _d139830 |
||